Misterios del Vaticano ó Los subterráneos de Roma (Record no. 166095)
[ view plain ]
| 000 -LEADER | |
|---|---|
| campo de control de longitud fija | 01177nam a22002295i 4500 |
| 001 - NÚMERO DE CONTROL | |
| campo de control | 166095 |
| 003 - IDENTIFICADOR DE NÚMERO DE CONTROL | |
| campo de control | ES-MaACL |
| 005 - FECHA Y HORA DE LA ÚLTIMA TRANSACCIÓN | |
| campo de control | 20230906213249.0 |
| 008 - DATOS DE LONGITUD FIJA--INFORMACIÓN GENERAL | |
| campo de control de longitud fija | 050921s1887 sp a | |||||||| ||spa d |
| 040 ## - FUENTE DE CATALOGACIÓN | |
| Centro catalogador/agencia de origen | CAM |
| Lengua de catalogación | spa |
| Centro/agencia transcriptor | CAM |
| 100 1# - ENTRADA PRINCIPAL--NOMBRE DE PERSONA | |
| Nombre de persona | Taxil, Léo. |
| 9 (RLIN) | 133151 |
| 245 14 - MENCIÓN DEL TÍTULO | |
| Título | Misterios del Vaticano ó Los subterráneos de Roma |
| Resto del título | : novela histórica escrita en francés / |
| Mención de responsabilidad, etc. | Léo Taxil y Karl Milo ; primera traducción castellana por Cristóbal Litrán. |
| 250 ## - MENCION DE EDICION | |
| Mención de edición | 2ª ed. |
| 260 ## - PUBLICACIÓN, DISTRIBUCIÓN, ETC. | |
| Lugar de publicación, distribución, etc. | Barcelona : |
| Nombre del editor, distribuidor, etc. | Pedro Sabaté, |
| Fecha de publicación, distribución, etc. | 1887 ( |
| Fabricante | Establecimiento tipográfico "La Academia") |
| 300 ## - DESCRIPCIÓN FÍSICA | |
| Extensión | 2 v. (303; 508 p.) : |
| Otras características físicas | il. ; |
| Dimensiones | 32 cm. |
| 500 ## - NOTA GENERAL | |
| Nota general | En port.: "Ilustrada con profusión de magníficos grabados al boj intercalados en el texto y foto-grabados tirados en láminas sueltas. |
| 595 ## - | |
| -- | El tomo I, el editor Pedro Sabaté y la fecha 1887 en portada, pero en la última página V. Acha editor. El tomo 2º, el editor V. Acha y fecha el año 1885. |
| 700 1# - ENTRADA AGREGADA--NOMBRE PERSONAL | |
| Nombre de persona | Milo, Karl. |
| 9 (RLIN) | 129940 |
| 700 0# - ENTRADA AGREGADA--NOMBRE PERSONAL | |
| Nombre de persona | Litran, Cristobal. |
| 9 (RLIN) | 72571 |
| 740 4# - ENTRADA AGREGADA--TÍTULO RELACIONADO/ANALÍTICO NO CONTROLADO | |
| Título relacionado o analítico no controlado | Los subterráneos de Roma. |
| 852 ## - LOCALIZACIÓN | |
| Ubicación | ES-MaACL |
| Número de control de estantería | G-5004-05 |
| condición física | -- Algunas hh. sueltas |
| Nota libre | -- Enc. hol. |
| -- | -- Legado de M. de la Fuente |
| Estatus retirado | Estado de pérdida | Estado de daño | No para préstamo | Colección | Biblioteca de origen | Biblioteca actual | Ubicación en estantería | Fecha de adquisición | Total de préstamos | Signatura topográfica completa | Código de barras | Visto por última vez | Precio de reemplazo | Tipo de ítem Koha |
|---|---|---|---|---|---|---|---|---|---|---|---|---|---|---|
| Libros del s. XIX | Biblioteca del Ateneo de Madrid | Biblioteca del Ateneo de Madrid | Depósito 2 | 17/01/2008 | G-5004-05 | 1174190 | 23/02/2023 | 23/02/2023 | Libro impreso antiguo |
